Game of Thrones Main Houses Members - Statistics

General Stats
  • This quiz has been taken 495 times
  • The average score is 35 of 44
Answer Stats
House Member % Correct
Baratheon Robert
99%
Arryn Robert
99%
Baratheon Cersei
98%
Stark Eddard
98%
Baratheon Stannis
97%
Stark Arya
96%
Stark Brandon
96%
Lannister Cersei
96%
Stark Robb
96%
Stark Sansa
96%
Lannister Tyrion
96%
Lannister Tywin
96%
Baratheon Joffrey
95%
Arryn Jon
95%
Stark Catelyn
94%
Tully Catelyn
94%
Baratheon Renly
94%
Stark Rickon
94%
Baratheon Tommen
94%
Greyjoy Theon
93%
Arryn Lysa
92%
Tully Lysa
92%
Baratheon Myrcella
90%
Tyrell Loras
88%
Targeryen Daenerys
87%
Direwolves (Stark) Ghost
87%
Direwolves Lady
86%
Targeryen Viserys
85%
Stark Benjen
82%
Direwolves Nymeria
82%
Tully Edmure
79%
Direwolves Summer
79%
Greyjoy Balon
77%
Lannister Jamie
77%
Direwolves Greywind
76%
Direwolves Shaggydog
76%
Tyrell Mace
72%
Greyjoy Asha
64%
Tully Hoster
59%
Lannister Joanna
45%
Tyrell Willas
27%
Tyrell Garlan
14%
Tyrell Argery
5%
Tyrell Alerie
4%
No matching quizzes found
Score Distribution
Percent of People with Each Score
Percentile by Number Answered
Your Score History
You have not taken this quiz